Heritage : Vietnam airlines inflight magazine 186

Trong số này trình bày: Nét độc đáo của nghệ thuật trang trí kiến trúc thời Nguyễn ở Huế, phóng janhr về vẻ đẹp bình yên và nên thơ của phố cổ Hội An, hang động đặc biệt nhất trong quần thể cacshang động tại Vườn quốc gia Phong Nha,......

Celý popis

Uloženo v:
Podrobná bibliografie
Médium: Kniha
Jazyk:Vietnamese
Vydáno: H. Vietnam airlines 2017
Témata:
Tagy: Přidat tag
Žádné tagy, Buďte první, kdo otaguje tento záznam!
Thư viện lưu trữ: Thư viện Trường Đại học Nam Cần Thơ
LEADER 01307nam a22002297a 4500
001 NCT_132893
008 220303b xxu||||| |||| 00| 0 vie d
999 |c 6837  |d 6837 
041 0 |a vie 
082 0 4 |2 23rd ed.  |a 915.97  |b H546 
245 0 0 |a Heritage :  |b Vietnam airlines inflight magazine  |n 186  |c Vietnam airlines 
260 |a H.  |b Vietnam airlines  |c 2017 
300 |c 29 cm 
310 |a Tháng 1 kỳ 
362 |a 09/2017 
520 3 |a Trong số này trình bày: Nét độc đáo của nghệ thuật trang trí kiến trúc thời Nguyễn ở Huế, phóng janhr về vẻ đẹp bình yên và nên thơ của phố cổ Hội An, hang động đặc biệt nhất trong quần thể cacshang động tại Vườn quốc gia Phong Nha,... 
655 |a Tạp chí 
942 |2 ddc  |c CR 
952 |0 0  |1 0  |2 ddc  |4 0  |6 915_970000000000000_H546  |7 0  |9 24717  |a 000001  |b 000001  |d 2022-06-01  |o 915.97 H546  |r 2022-06-01  |w 2022-06-01  |y CR 
952 |0 0  |1 0  |2 ddc  |4 0  |6 915_970000000000000_H546  |7 0  |9 24722  |a 000001  |b 000001  |d 2022-06-01  |o 915.97 H546  |r 2022-06-01  |w 2022-06-01  |y CR 
952 |0 0  |1 0  |2 ddc  |4 0  |6 915_970000000000000_H546  |7 0  |9 24723  |a 000001  |b 000001  |d 2022-06-01  |o 915.97 H546  |r 2022-06-01  |w 2022-06-01  |y CR 
980 |a Thư viện Trường Đại học Nam Cần Thơ